Las abadías cistercienses en Francia y en Europa /

Estudio arquitectónico, fotográfico e histórico sobre las abadías edificadas en Europa, especialmente en Francia, por la Orden del Císter, establecida por Roberto de Molesme en 1098 con el propósito de recuperar la estricta observancia original de los monjes benedictinos y que bajo el impulso de San...

ver descrição completa

Na minha lista:
Detalhes bibliográficos
Autor principal: Gaud, Henri (fotógrafo)
Outros Autores: Leroux-Dhuys, Jean-François (texto) (texto), Gancho, Claudio (traducción) (traducción)
Formato: Livro
Idioma:espanhol
Publicado em: Colonia, Alemania : Könemann, 1999, c1999
Assuntos:
Tags: Adicionar Tag
Sem tags, seja o primeiro a adicionar uma tag!

MARC

LEADER 00000nam^a2200000^a^4500
001 000189862
005 20250521000000.0
009 20260310102429.256
020 |a 3-8290-3117-3 
037 |a Acervo ITESO - Biblioteca 
041 |a ESP 
082 |a 720. 94012  |b GAU LER 
100 |a Gaud, Henri  |e (fotógrafo) 
245 1 4 |a Las abadías cistercienses en Francia y en Europa /  |c Fotógrafo H. Gaud ; texto de J.F. Leroux-Dhuys ; tr. por C. Gancho. 
264 4 |a Colonia, Alemania :  |b Könemann,  |c 1999, c1999 
300 |a 399 p. 
336 |a texto  |b txt  |2 rdacontenido 
337 |a sin mediación  |b n  |2 rdamedio 
338 |a volumen  |b nc  |2 rdasoporte 
520 |a Estudio arquitectónico, fotográfico e histórico sobre las abadías edificadas en Europa, especialmente en Francia, por la Orden del Císter, establecida por Roberto de Molesme en 1098 con el propósito de recuperar la estricta observancia original de los monjes benedictinos y que bajo el impulso de San Bernardo de Claraval –el más célebre cisterciense- conoció un período de esplendor en el siglo XI. Los cistercienses –llamados monjes blancos, por oposición a los los benedictinos, apelados como monjes negros- crearon una expresión rigurosamente congruente con su visión religiosa e impusieron una nueva estética en el arte románico, que ha pasado a formar parte de las mejores manifestaciones de varias arquitecturas nacionales: francesa, alemana, austríaca, belga, checa, escocesa, española, gaélica, inglesa, irlandesa, italiana y portuguesa, como muestran los ejemplos seleccionados para esta esta publicación. 
520 |a El fotógrafo y editor especializado en fotografía arquitectónica Henri Gaud heredó ambos oficios de su padre, Georges Gaud, y vivió desde sus primeros años en contacto permanente con estas actividades. Egresado de la Ecole Nationale de Photographie et Cinématographie, se incorporó en 1980 a Editions Gaud –que su padre creara 28 años atrás- y tras el retiro del fundador, asumió en 1990 la dirección de esa casa editorial centrada en publicaciones de fotografía arquitectónica y guías del patrimonio artístico, sobre todo de construcciones cistercienses. La propuesta fotográfica de Henri Gaud está impregnada de los principios de rigor y simplicidad que caracterizan el arte de la Orden del Císter: prefiere el formato grande, siempre con luz natural y con un enfoque ortoscópico que elimine deformaciones y artificios, a fin de reproducir la calidad arquitectónica con el mayor realismo posible. Algunas de los libros de Henri Gaud son: Cloîtres; Voûtres; Vivre dans une abbaaye cistercienne: XIIe-XIIIe siècles; Chantiers d'abbayes; L'abbaye cistercienne en France; Lumières contemporaines; Voyage au Moyen Age; Sites clunisiens en Europe; Conques; Fontevraud; Vézelay; Chenonceau, des jardins de la Renaissance; Orsan, des jardins d'inspiration monastique médiévale; De Citeaux à Alcobaça, regards sur l'Europe cistercienne du Sud-Ouest y Routier cistercien, entre otros. 
649 |a XX 
650 |a Fotógrafos Franceses 
650 |a Artistas Franceses 
650 |a Cistercienses en Francia -  |x Historia -  |y Siglo XII 
650 |a Cistercienses en Europa -  |x Historia -  |y Siglo XII 
650 |a Monasticismo y Ordenes Religiosas -  |z Francia -  |x Historia -  |y Siglo XII 
650 |a Monasticismo y Ordenes Religiosas -  |z Europa -  |x Historia -  |y Siglo XII 
650 |a Iglesia en Francia -  |x Historia -  |y Siglo XII 
650 |a Iglesia en Francia -  |x Historia -  |y Dinastía Capeto (Primera), 987-1328 
650 |a Iglesia en Europa -  |x Historia -  |y Siglo XII  |y Edad Media 
650 |a Iglesia -  |x Historia -  |y Siglo XII 
650 |a Iglesia -  |x Historia -  |y Edad Media 
650 |a Conventos y Monasterios -  |z Francia -  |x Historia -  |y Siglo XII 
650 |a Conventos y Monasterios -  |z Europa -  |x Fotografías -  |x Tema Principal 
650 |a Conventos y Monasterios -  |z Europa -  |x Historia -  |y Siglo XII 
650 |a Arquitectura Cisterciense -  |z Francia -  |x Historia y Crítica 
650 |a Arquitectura Cisterciense -  |x Historia y Crítica -  |x Tema Principal 
650 |a Arquitectura Románica -  |z Francia -  |x Historia y Crítica 
650 |a Arquitectura Románica -  |x Historia y Crítica 
650 |a Arquitectura Religiosa -  |z Francia -  |x Historia y Crítica 
650 |a Arquitectura Religiosa -  |z Europa -  |x Historia y Crítica 
650 |a Arquitectura Francesa -  |x Historia y Crítica 
650 |a Arquitectura Europea -  |x Historia y Crítica 
650 |a Arte Románico -  |z Francia -  |x Historia y Crítica 
650 |a Arte Románico -  |x Historia y Crítica 
650 |a Arte Religioso -  |z Francia -  |x Historia y Crítica 
650 |a Arte Religioso -  |z Europa -  |x Historia y Crítica 
650 |a Fotografía Arquitectónica -  |z Francia 
650 |a Fotografía Francesa -  |y Siglo XX 
650 |a Arte Francés -  |x Historia y Crítica 
650 |a Arte Europeo -  |x Historia y Crítica 
650 |a Catolicismo -  |z Francia -  |x Historia -  |y Siglo XII 
650 |a Catolicismo -  |z Europa -  |x Historia -  |y Siglo XII 
650 |a Cristianismo -  |z Francia -  |x Historia -  |y Siglo XII 
650 |a Cristianismo -  |z Europa -  |x Historia -  |y Siglo XII 
650 |a Religión -  |z Francia -  |x Historia -  |y Siglo XII 
650 |a Religión -  |z Europa -  |x Historia -  |y Siglo XII 
650 |a Francia -  |x Fotografías 
650 |a Francia -  |x Historia -  |y Siglo XII 
650 |a Francia -  |x Historia -  |y Dinastía Capeto (Primera), 987-1328 
650 |a Francia -  |x Historia -  |y Edad Media, 987-1515 
650 |a Europa -  |x Fotografías 
650 |a Europa -  |x Historia -  |y Siglo XII 
650 |a Europa -  |x Historia -  |y 476-1492 
650 |a Edad Media -  |x Historia 
650 |a Gaud, Henri -  |x Tema Principal 
700 |a Leroux-Dhuys, Jean-François  |e (texto) 
700 |a Gancho, Claudio  |e (traducción) 
910 |a Fondo General 
920 |a Impresos - Libros 
930 |a Reserva Especial 
905 |a 103 
901 |a 0500132913  |b IT1  |c REE  |u 20250521 
902 |a https://opac.biblio.iteso.mx/vufind/Record/000189862